| 000 | 00882nmm a2200277 a 4500 | ||
|---|---|---|---|
| 001 | ocm0001916900 | ||
| 003 | TR-IsHL | ||
| 005 | 20201028173840.0 | ||
| 008 | 180914s2016 tu tur | ||
| 007 | cr cn | ||
| 020 | _a9786054539833 | ||
| 035 |
_a1916900 _b(N$T) |
||
| 050 | 0 | 4 |
_aPL248.P65 _bK4 2016 |
| 090 | 0 | 4 |
_aPL248.P65 _bK4 2016 |
| 100 | 1 | _aPolat, Celal F. | |
| 245 | 1 | 0 |
_aKemik çiftliği (roman): 1. cilt _h[electronic resource] / _cCelal F. Polat |
| 250 | _a1. Basım | ||
| 260 |
_aBursa : _bÜlküm Eğitim Kültür Yayınları, _c2016 |
||
| 300 | _a415 p. | ||
| 650 | 4 | _aDil ve Edebiyat | |
| 650 | 4 | _aLanguage and Literature | |
| 650 | 0 | _aTürk roman | |
| 650 | 0 | _aTurkish fiction | |
| 650 | 7 |
_aLITERARY COLLECTIONS / Middle Eastern _2bisacsh |
|
| 856 | 4 | 0 | _uhttp://search.ebscohost.com/login.aspx?direct=true&scope=site&db=e011xww&AN=1916900 |
| 999 |
_c17932 _d17932 |
||